[Event "Belgrade-chTB Quality"]
[Site "Belgrade"]
[Date "2018.10.21"]
[Round "8.3"]
[White "Trailovic, Aleksandar1111"]
[Black "Nesic, Dragisa"]
[Result "1-0"]
[WhiteElo "2146"]
[BlackElo "2068"]
[PlyCount "50"]
[EventDate "2018.09.29"]
[EventType "team-tourn"]
[EventRounds "11"]
[EventCountry "SRB"]
[SourceTitle "CBM 187 Extra"]
[Source "ChessBase"]
[SourceDate "2018.11.04"]
[SourceVersion "1"]
[SourceVersionDate "2018.11.04"]
[SourceQuality "1"]
[WhiteTeam "Belgrade Visan"]
[BlackTeam "Belgrade Rakovica"]
[WhiteTeamCountry "SRB"]
[BlackTeamCountry "SRB"]

1. c4 c5 2. Nc3 Nc6 3. Nf3 g6 4. e3 e6 5. d4 cxd4 6. exd4 d5 7. Bf4 Bd6 8. Bxd6 Qxd6 9. c5 Qd8 10. Nb5 Nge7 11. Nd6+ Kf8 12. Qd2 Kg7 13. Be2 Nf5 14. Nxf5+ exf5 15. 0-0 Re8 16. Rfe1 Bd7 17. b4 f6 18. b5 Na5 19. Rab1 Qc7 20. Bd3 Rxe1+ 21. Nxe1 Be6 22. Nc2 Rd8 23. Qe1 b6 24. Qxe6 bxc5 25. dxc5 Qxc5 1-0

[Event "Belgrade-chTB Quality"]
[Site "Belgrade"]
[Date "2018.10.07"]
[Round "4.4"]
[White "Nesic, Dragisa"]
[Black "Carnic, Dejan"]
[Result "0-1"]
[WhiteElo "2068"]
[BlackElo "2093"]
[PlyCount "66"]
[EventDate "2018.09.29"]
[EventType "team-tourn"]
[EventRounds "11"]
[EventCountry "SRB"]
[SourceTitle "CBM 187 Extra"]
[Source "ChessBase"]
[SourceDate "2018.11.04"]
[SourceVersion "1"]
[SourceVersionDate "2018.11.04"]
[SourceQuality "1"]
[WhiteTeam "Belgrade Rakovica"]
[BlackTeam "Belgrade Romanticari"]
[WhiteTeamCountry "SRB"]
[BlackTeamCountry "SRB"]

1. b3 e5 2. Bb2 Nc6 3. c4 Nf6 4. d3 d5 5. cxd5 Bb4+ 6. Bc3 Bxc3+ 7. Nxc3 Nxd5 8. Rc1 0-0 9. g3 Nxc3 10. Rxc3 Qd5 11. Nf3 Rd8 12. Qa1 Nd4 13. Bg2 Bg4 14. e4 Qa5 15. Nd2 Ne2 16. b4 Qxb4 17. Rb3 Qa5 18. h3 Nd4 19. Rc3 Be6 20. Bf1 Rac8 21. f4 exf4 22. gxf4 f6 23. Rh2 Qxa2 24. Qxa2 Bxa2 25. Kf2 Bf7 26. Nf3 c5 27. Ra3 a6 28. Kg3 Nb5 29. Ra1 c4 30. dxc4 Bxc4 31. Nh4 Bxf1 32. Rxf1 Rc3+ 33. Kg4 g6 0-1

[Event "Belgrade-chTB Quality"]
[Site "Belgrade"]
[Date "2018.10.06"]
[Round "3.4"]
[White "Mijatovic, Dusan"]
[Black "Nesic, Dragisa"]
[Result "1/2-1/2"]
[WhiteElo "2134"]
[BlackElo "2068"]
[PlyCount "84"]
[EventDate "2018.09.29"]
[EventType "team-tourn"]
[EventRounds "11"]
[EventCountry "SRB"]
[SourceTitle "CBM 187 Extra"]
[Source "ChessBase"]
[SourceDate "2018.11.04"]
[SourceVersion "1"]
[SourceVersionDate "2018.11.04"]
[SourceQuality "1"]
[WhiteTeam "Belgrade EDB"]
[BlackTeam "Belgrade Rakovica"]
[WhiteTeamCountry "SRB"]
[BlackTeamCountry "SRB"]

1. e4 c5 2. Nf3 Nc6 3. g3 g6 4. Bg2 Bg7 5. 0-0 d6 6. c3 Nf6 7. Re1 0-0 8. h3 Rb8 9. d4 b5 10. Nbd2 Bb7 11. dxc5 dxc5 12. e5 Ne8 13. Qe2 Nc7 14. Nb3 Ne6 15. Bf4 Qb6 16. Nbd2 Nxf4 17. gxf4 Nd8 18. Ne4 Ne6 19. Qe3 Bxe4 20. Qxe4 Bh6 21. f5 Nf4 22. Rad1 Rbd8 23. Nh2 gxf5 24. Qxf5 Nxg2 25. Kxg2 Qg6+ 26. Qxg6+ hxg6 27. Ng4 Bg7 28. f4 f6 29. e6 f5 30. Ne3 Rd6 31. Rxd6 exd6 32. Rd1 Rd8 33. e7 Re8 34. Rxd6 Kf7 35. Rd5 b4 36. Rxc5 bxc3 37. bxc3 Rxe7 38. Kf3 Rd7 39. a4 Rd2 40. Rc7+ Kg8 41. Rc6 Kf7 42. Rc7+ Kg8 1/2-1/2

[Event "Belgrade-chTB Quality"]
[Site "Belgrade"]
[Date "2018.09.30"]
[Round "2.5"]
[White "Poleksic, Dusan"]
[Black "Nesic, Dragisa"]
[Result "1-0"]
[WhiteElo "2018"]
[BlackElo "2068"]
[PlyCount "55"]
[EventDate "2018.09.29"]
[EventType "team-tourn"]
[EventRounds "11"]
[EventCountry "SRB"]
[SourceTitle "CBM 187 Extra"]
[Source "ChessBase"]
[SourceDate "2018.11.04"]
[SourceVersion "1"]
[SourceVersionDate "2018.11.04"]
[SourceQuality "1"]
[WhiteTeam "Belgrade Turbina"]
[BlackTeam "Belgrade Rakovica"]
[WhiteTeamCountry "SRB"]
[BlackTeamCountry "SRB"]

1. d4 Nf6 2. c4 c5 3. d5 e5 4. Nc3 d6 5. e4 Be7 6. f4 exf4 7. Bxf4 0-0 8. Bd3 Ne8 9. Nf3 Na6 10. 0-0 Nac7 11. h3 a6 12. a4 b6 13. e5 dxe5 14. Nxe5 Bd6 15. Bxh7+ Kxh7 16. Qh5+ Kg8 17. Bg5 Nf6 18. Rxf6 gxf6 19. Nc6 Bh2+ 20. Kh1 Qd6 21. Ne4 fxg5 22. Nxd6 Bxd6 23. Qxg5+ Kh7 24. Rf1 Ne8 25. g4 b5 26. Ne7 Bd7 27. Rxf7+ Rxf7 28. Qg6+ 1-0

[Event "Belgrade-chTB Quality"]
[Site "Belgrade"]
[Date "2018.09.29"]
[Round "1.4"]
[White "Nesic, Dragisa"]
[Black "Radosevic, Dusan M"]
[Result "1/2-1/2"]
[WhiteElo "2068"]
[BlackElo "2007"]
[PlyCount "67"]
[EventDate "2018.09.29"]
[EventType "team-tourn"]
[EventRounds "11"]
[EventCountry "SRB"]
[SourceTitle "CBM 187 Extra"]
[Source "ChessBase"]
[SourceDate "2018.11.04"]
[SourceVersion "1"]
[SourceVersionDate "2018.11.04"]
[SourceQuality "1"]
[WhiteTeam "Belgrade Rakovica"]
[BlackTeam "Belgrade Politika"]
[WhiteTeamCountry "SRB"]
[BlackTeamCountry "SRB"]

1. b3 e5 2. Bb2 d6 3. g3 Nf6 4. Bg2 Be7 5. c4 0-0 6. Nc3 c6 7. Nf3 h6 8. 0-0 Be6 9. e4 c5 10. Ne1 Nc6 11. f4 Bg4 12. Qb1 exf4 13. Rxf4 Qd7 14. Nd5 Nxd5 15. exd5 Ne5 16. d4 Ng6 17. Rf2 b6 18. Nc2 Rae8 19. Qf1 Bg5 20. h3 Bh5 21. g4 Bxg4 22. hxg4 Qxg4 23. Qd1 f5 24. Qxg4 fxg4 25. Rxf8+ Rxf8 26. dxc5 bxc5 27. Re1 h5 28. Bc1 Bxc1 29. Rxc1 h4 30. Ne3 Nf4 31. Rc2 g3 32. Nf1 Re8 33. Nxg3 hxg3 34. Kf1 1/2-1/2

[Event "Belgrade Trophy 31st"]
[Site "Belgrade"]
[Date "2017.11.30"]
[Round "7"]
[White "Nesic, Dragisa"]
[Black "Nesovanovic, Miroslav"]
[Result "1-0"]
[WhiteElo "2043"]
[BlackElo "1856"]
[PlyCount "105"]
[EventDate "2017.11.24"]
[EventType "swiss"]
[EventRounds "9"]
[EventCountry "SRB"]
[SourceTitle "CBM 181 Extra"]
[Source "ChessBase"]
[SourceDate "2017.12.12"]
[SourceVersion "1"]
[SourceVersionDate "2017.12.12"]
[SourceQuality "1"]

1. Nf3 Nf6 2. b3 b6 3. Bb2 Bb7 4. c4 e6 5. e3 Be7 6. Be2 d6 7. 0-0 Nbd7 8. d4 0-0 9. Nbd2 d5 10. Rc1 Rc8 11. Rc2 c6 12. Qa1 a5 13. a3 Ra8 14. Rfc1 Ne8 15. e4 f5 16. e5 Nc7 17. Nf1 g6 18. Bc3 Rf7 19. Ra2 Nb8 20. Bd2 g5 21. Ne1 g4 22. Nd3 Bg5 23. Nf4 Bxf4 24. Bxf4 Ne8 25. Rcc2 Rg7 26. Ng3 Qh4 27. Qc1 Na6 28. cxd5 cxd5 29. Bb5 Nac7 30. Bc6 Rb8 31. Rc3 Qd8 32. Nh5 Rg6 33. Rac2 Ba6 34. a4 Qh4 35. Nf6+ Kh8 36. Nd7 Rd8 37. Nxb6 Rg8 38. Nd7 Na8 39. Nf6 Nxf6 40. exf6 Rgf8 41. Be5 Kg8 42. Bxa8 Rxa8 43. Rc7 Rxf6 44. Bxf6 Qxf6 45. Qf4 Re8 46. R2c5 e5 47. dxe5 Rxe5 48. h3 Re4 49. Qg3 Qa1+ 50. Kh2 Re1 51. Qd6 g3+ 52. Kxg3 f4+ 53. Qxf4 1-0

[Event "Belgrade Trophy 31st"]
[Site "Belgrade"]
[Date "2017.11.29"]
[Round "6"]
[White "Nedeljkovic, Dragan"]
[Black "Nesic, Dragisa"]
[Result "1/2-1/2"]
[WhiteElo "2193"]
[BlackElo "2043"]
[PlyCount "105"]
[EventDate "2017.11.24"]
[EventType "swiss"]
[EventRounds "9"]
[EventCountry "SRB"]
[SourceTitle "CBM 181 Extra"]
[Source "ChessBase"]
[SourceDate "2017.12.12"]
[SourceVersion "1"]
[SourceVersionDate "2017.12.12"]
[SourceQuality "1"]

1. e4 e6 2. d4 c5 3. Nf3 cxd4 4. Nxd4 Qb6 5. Nb3 Qc7 6. g3 Nc6 7. Bg2 Nf6 8. 0-0 Be7 9. Nc3 a6 10. Be3 b5 11. Bf4 d6 12. e5 dxe5 13. Bxe5 Qb6 14. Bd6 Bb7 15. Bxe7 Nxe7 16. Bxb7 Qxb7 17. Qd4 0-0 18. Rad1 Ned5 19. Nxd5 Nxd5 20. c3 Rfc8 21. Nc5 Qb6 22. Ne4 Qxd4 23. Rxd4 h6 24. Rfd1 Rc6 25. Kf1 Rac8 26. Ke2 Kf8 27. a4 Ke7 28. axb5 axb5 29. Ra1 R8c7 30. Nd2 Rd7 31. f4 f6 32. Ra5 Nc7 33. Nf3 Rcd6 34. Ra7 Nd5 35. Rxd7+ Rxd7 36. Re4 Rd6 37. Nd4 Rb6 38. Kd3 Kf7 39. Re1 Nc7 40. Kc2 Ke7 41. Nf5+ Kf8 42. Nd4 Ke7 43. Kb3 Kd6 44. Kb4 Rb8 45. Ra1 g5 46. f5 e5 47. Nc2 Kc6 48. Rd1 Nd5+ 49. Kb3 Kc5 50. Ra1 Kb6 51. Rd1 Kc5 52. Ra1 Kb6 53. Rd1 1/2-1/2

[Event "Belgrade Trophy 31st"]
[Site "Belgrade"]
[Date "2017.11.27"]
[Round "4"]
[White "Popovic, Aleksandar M"]
[Black "Nesic, Dragisa"]
[Result "1-0"]
[WhiteElo "2263"]
[BlackElo "2043"]
[PlyCount "56"]
[EventDate "2017.11.24"]
[EventType "swiss"]
[EventRounds "9"]
[EventCountry "SRB"]
[SourceTitle "CBM 181 Extra"]
[Source "ChessBase"]
[SourceDate "2017.12.12"]
[SourceVersion "1"]
[SourceVersionDate "2017.12.12"]
[SourceQuality "1"]

1. e4 c5 2. Nf3 Nc6 3. d3 g6 4. g3 Bg7 5. Bg2 Nf6 6. 0-0 0-0 7. Nc3 Rb8 8. a4 a6 9. h3 d6 10. Be3 b5 11. axb5 axb5 12. e5 Ne8 13. exd6 exd6 14. Bg5 Qd7 15. Re1 h6 16. Be3 b4 17. Nd5 Nc7 18. Nxc7 Qxc7 19. Nd2 Ne7 20. Nc4 Nf5 21. Bf4 g5 22. Bd2 Be6 23. Qh5 Nd4 24. Be3 f5 25. c3 Nb3 26. Rad1 Nd2 27. Rxd2 bxc3 28. bxc3 Bxc3 1-0

[Event "Belgrade-chT"]
[Site "Belgrade"]
[Date "2017.05.12"]
[Round "3.1"]
[White "Kiproski, Branislav"]
[Black "Nesic, Dragisa"]
[Result "1-0"]
[WhiteElo "2244"]
[BlackElo "2030"]
[PlyCount "91"]
[EventDate "2017.05.10"]
[EventType "team-swiss"]
[EventRounds "5"]
[EventCountry "SRB"]
[SourceTitle "CBM 178 Extra"]
[Source "ChessBase"]
[SourceDate "2017.06.22"]
[SourceVersion "1"]
[SourceVersionDate "2017.06.22"]
[SourceQuality "1"]
[WhiteTeam "Tadic"]
[BlackTeam "Rakovica"]
[WhiteTeamCountry "SRB"]
[BlackTeamCountry "SRB"]

1. d4 c5 2. d5 e5 3. Nc3 d6 4. e4 Nf6 5. Bb5+ Bd7 6. a4 Be7 7. Nf3 0-0 8. Be2 Bg4 9. Nd2 Bxe2 10. Qxe2 Ne8 11. 0-0 Bg5 12. Nc4 Bxc1 13. Raxc1 Nd7 14. g3 b6 15. f4 Qe7 16. Rce1 Nc7 17. Nb5 Ne8 18. Ne3 a6 19. Nf5 Qf6 20. Na3 Qd8 21. Nc4 Qc7 22. Qg4 g6 23. Qg5 b5 24. axb5 axb5 25. Nce3 f6 26. Qg4 Kh8 27. Nh6 Ng7 28. f5 g5 29. h4 gxh4 30. Qxh4 Ne8 31. Ra1 Nb6 32. Rxa8 Nxa8 33. Kf2 Nb6 34. Rg1 Qg7 35. Ra1 b4 36. b3 Qc7 37. g4 c4 38. g5 fxg5 39. Qxg5 Nf6 40. Kf3 cxb3 41. Rg1 Qe7 42. cxb3 Nbd7 43. Nc4 Rc8 44. Nxd6 Rc3+ 45. Ke2 Rc2+ 46. Kd1 1-0

[Event "Belgrade-chT"]
[Site "Belgrade"]
[Date "2017.05.11"]
[Round "2.1"]
[White "Nesic, Dragisa"]
[Black "Martic, Ivan"]
[Result "0-1"]
[WhiteElo "2030"]
[BlackElo "2349"]
[PlyCount "50"]
[EventDate "2017.05.10"]
[EventType "team-swiss"]
[EventRounds "5"]
[EventCountry "SRB"]
[SourceTitle "CBM 178 Extra"]
[Source "ChessBase"]
[SourceDate "2017.06.22"]
[SourceVersion "1"]
[SourceVersionDate "2017.06.22"]
[SourceQuality "1"]
[WhiteTeam "Rakovica"]
[BlackTeam "Belgrade"]
[WhiteTeamCountry "SRB"]
[BlackTeamCountry "SRB"]

1. b3 d6 2. Bb2 Nd7 3. g3 Ngf6 4. Bg2 e5 5. c4 g6 6. Nf3 Bg7 7. 0-0 0-0 8. e3 Re8 9. d4 e4 10. Nfd2 Nf8 11. Nc3 Bf5 12. Qc2 c6 13. Ncxe4 Nxe4 14. Bxe4 Rxe4 15. Nxe4 d5 16. cxd5 cxd5 17. Rac1 Bxe4 18. Qc7 Qg5 19. Qxb7 Bf3 20. h3 Re8 21. Kh2 Qh5 22. Rc7 g5 23. Re7 g4 24. h4 Bf6 25. Rxe8 Bxh4 0-1

[Event "Belgrade Trophy 30th"]
[Site "Belgrade"]
[Date "2016.11.25"]
[Round "2"]
[White "Popchev, Milko"]
[Black "Nesic, Dragisa"]
[Result "1-0"]
[WhiteElo "2297"]
[BlackElo "2058"]
[PlyCount "36"]
[EventDate "2016.11.24"]
[EventType "swiss"]
[EventRounds "9"]
[EventCountry "SRB"]
[SourceTitle "CBM 175 Extra"]
[Source "ChessBase"]
[SourceDate "2016.12.12"]
[SourceVersion "1"]
[SourceVersionDate "2016.12.12"]
[SourceQuality "1"]

1. d4 c5 2. c3 e6 3. e4 d5 4. e5 Nc6 5. Nf3 Qb6 6. a3 Bd7 7. b4 c4 8. a4 Qd8 9. h4 Nh6 10. h5 f5 11. Bf4 Nf7 12. Be2 Be7 13. Na3 a6 14. Nc2 g5 15. hxg6 hxg6 16. Rxh8+ Nxh8 17. Qd2 Nf7 18. g3 Qc7 1-0

[Event "Belgrade-chT Quality"]
[Site "Belgrade"]
[Date "2016.10.26"]
[Round "10.1"]
[White "Nesic, Dragisa"]
[Black "Djukic, Sandra"]
[Result "0-1"]
[WhiteElo "2097"]
[BlackElo "2145"]
[PlyCount "75"]
[EventDate "2016.10.01"]
[EventType "team-tourn"]
[EventRounds "11"]
[EventCountry "SRB"]
[SourceTitle "EXT 2018"]
[Source "ChessBase"]
[SourceDate "2017.10.13"]
[SourceVersion "1"]
[SourceVersionDate "2017.10.13"]
[SourceQuality "1"]

1. Nf3 d5 2. c4 d4 3. e3 c5 4. exd4 cxd4 5. d3 Nc6 6. g3 e5 7. Bg2 f6 8. 0-0 Be6 9. Nbd2 Nge7 10. a3 a5 11. b3 Ng6 12. Ne4 Be7 13. Rb1 0-0 14. Re1 Nh8 15. Qd2 Nf7 16. b4 axb4 17. axb4 b5 18. cxb5 Ra2 19. Qd1 Nxb4 20. Re2 Rxe2 21. Qxe2 Nd5 22. Qc2 f5 23. Ned2 Nc3 24. Ra1 Qb8 25. Nc4 Bf6 26. Ra6 Bd5 27. Ba3 Rd8 28. b6 Bxc4 29. dxc4 e4 30. c5 exf3 31. Bxf3 Ne5 32. Qb3+ Kh8 33. c6 Nxf3+ 34. Kg2 Qe5 35. c7 Ne1+ 36. Kg1 Nf3+ 37. Kg2 Re8 38. c8Q 0-1

[Event "Belgrade-chT Quality"]
[Site "Belgrade"]
[Date "2015.10.10"]
[Round "3"]
[White "Nesic, Dragisa"]
[Black "Popovic, Andrija"]
[Result "1/2-1/2"]
[WhiteElo "2104"]
[BlackElo "2195"]
[PlyCount "80"]
[EventDate "2015.10.03"]
[EventType "team-tourn"]
[EventRounds "11"]
[EventCountry "SRB"]
[SourceTitle "EXT 2018"]
[Source "ChessBase"]
[SourceDate "2017.10.13"]
[SourceVersion "1"]
[SourceVersionDate "2017.10.13"]
[SourceQuality "1"]

1. d4 Nf6 2. c4 e6 3. Nc3 d5 4. Nf3 Be7 5. Bg5 Nbd7 6. e3 0-0 7. Be2 c6 8. 0-0 b6 9. Rc1 Bb7 10. h3 Re8 11. Qc2 Rc8 12. Rfd1 dxc4 13. Bxc4 b5 14. Bd3 h6 15. Bf4 Qb6 16. Qb1 a6 17. Nd2 c5 18. dxc5 Nxc5 19. Bf1 b4 20. Nc4 Qa7 21. Ne2 Be4 22. Qa1 Nd3 23. Rxd3 Bxd3 24. Ne5 Nd5 25. Nxd3 f6 26. Bg3 e5 27. e4 Nc7 28. a3 bxa3 29. Qa2+ Kh7 30. bxa3 Nb5 31. a4 Nd6 32. Qd5 Red8 33. Qe6 Kh8 34. Qg4 Rxc1 35. Ndxc1 Qc5 36. Na2 Rb8 37. Nec3 a5 38. Kh2 Qd4 39. Qe6 Bf8 40. Qd5 Rc8 1/2-1/2

[Event "SRB-chT2 West CS"]
[Site "Serbia"]
[Date "2012.09.15"]
[Round "3.1"]
[White "Nesic, Dragisa"]
[Black "Nikolic, Vladimir"]
[Result "1/2-1/2"]
[WhiteElo "2102"]
[BlackElo "1983"]
[PlyCount "75"]
[EventDate "2012.09.14"]
[EventType "team"]
[EventRounds "10"]
[EventCountry "SRB"]
[SourceTitle "EXT 2015"]
[Source "ChessBase"]
[SourceDate "2014.11.20"]
[SourceVersion "1"]
[SourceVersionDate "2014.11.20"]
[SourceQuality "1"]

1. Nf3 Nf6 2. g3 b6 3. Bg2 Bb7 4. 0-0 g6 5. c4 Bg7 6. d4 0-0 7. Nbd2 d6 8. Qc2 Nbd7 9. d5 a5 10. Rb1 Nc5 11. b3 e6 12. e4 exd5 13. exd5 Bc8 14. Nh4 Ng4 15. Bb2 Bxb2 16. Qxb2 Qf6 17. h3 Qxb2 18. Rxb2 Nf6 19. Ndf3 Re8 20. Nd4 Bd7 21. Nhf3 Re7 22. a3 Rae8 23. b4 axb4 24. axb4 Nd3 25. Rb3 Ne1 26. Nxe1 Rxe1 27. Rb1 Rxf1+ 28. Rxf1 Re7 29. Rc1 Kg7 30. Kh2 h5 31. c5 bxc5 32. bxc5 dxc5 33. Rxc5 Be8 34. Ra5 Ne4 35. Ra7 Nd6 36. Ra2 Bd7 37. Rc2 Ba4 38. Rc1 1/2-1/2

[Event "SRB-chT Central"]
[Site "Kraljevo"]
[Date "2011.09.21"]
[Round "6"]
[White "Nesic, Dragisa"]
[Black "Prelevic, Dusko"]
[Result "0-1"]
[WhiteElo "2126"]
[BlackElo "2311"]
[PlyCount "92"]
[EventDate "2011.09.17"]
[EventType "team-tourn"]
[EventRounds "11"]
[EventCountry "SRB"]
[SourceTitle "CBM 144 Extra"]
[Source "ChessBase"]
[SourceDate "2011.10.28"]
[SourceVersion "1"]
[SourceVersionDate "2011.10.28"]
[SourceQuality "1"]
[WhiteTeam "Ribnica"]
[BlackTeam "Sloga"]
[WhiteTeamCountry "YUG"]
[BlackTeamCountry "YUG"]

1. Nf3 c5 2. b3 Nc6 3. Bb2 d6 4. d4 cxd4 5. Nxd4 Bd7 6. e3 Nf6 7. Be2 e6 8. c4 a6 9. 0-0 Be7 10. Bf3 Qc7 11. Nc3 Ne5 12. Be2 0-0 13. Rc1 Rac8 14. Nf3 Ng6 15. Qd4 Rfd8 16. Rfd1 Qb8 17. Ne4 Ne8 18. h4 h6 19. h5 Nf8 20. Nh2 Bc6 21. Bf3 d5 22. cxd5 Rxd5 23. Qc3 Rxd1+ 24. Bxd1 Bd7 25. Qd4 Rxc1 26. Bxc1 Qc7 27. Bb2 f5 28. Ng3 Qa5 29. Qc3 Qxa2 30. Qc1 Bf6 31. Bxf6 Nxf6 32. Nf3 Qa5 33. Be2 Bb5 34. Nd4 Bxe2 35. Ndxe2 Qb5 36. Qc2 Qa5 37. Qc1 Qb4 38. Qd1 Kh7 39. Nd4 Qd6 40. Qc2 Qd5 41. Qc7 Kg8 42. Qb8 f4 43. Nf1 fxe3 44. fxe3 Nxh5 45. Kf2 Nf6 46. Qc7 Ng4+ 0-1

[Event "SRB-chT Central"]
[Site "Kraljevo"]
[Date "2011.09.18"]
[Round "2"]
[White "Mladenovic, Stefan"]
[Black "Nesic, Dragisa"]
[Result "1-0"]
[WhiteElo "2137"]
[BlackElo "2126"]
[PlyCount "115"]
[EventDate "2011.09.17"]
[EventType "team-tourn"]
[EventRounds "11"]
[EventCountry "SRB"]
[SourceTitle "CBM 144 Extra"]
[Source "ChessBase"]
[SourceDate "2011.10.28"]
[SourceVersion "1"]
[SourceVersionDate "2011.10.28"]
[SourceQuality "1"]
[WhiteTeam "Paracin"]
[BlackTeam "Ribnica"]
[WhiteTeamCountry "YUG"]
[BlackTeamCountry "YUG"]

1. d4 Nf6 2. Nf3 c5 3. d5 d6 4. Nc3 g6 5. e4 Bg7 6. Be2 0-0 7. 0-0 Na6 8. Nd2 Nc7 9. a4 b6 10. Nc4 Rb8 11. f4 Ba6 12. Na3 Bxe2 13. Qxe2 a6 14. Nc4 Qd7 15. Bd2 b5 16. axb5 axb5 17. Na5 b4 18. Nd1 Qb5 19. Qxb5 Nxb5 20. Nc6 Rb7 21. Nf2 e6 22. dxe6 fxe6 23. e5 Nd7 24. Nd3 Rb6 25. Na5 d5 26. Be3 Rc8 27. Rfc1 Bf8 28. c4 bxc3 29. bxc3 Nc7 30. c4 d4 31. Bd2 Rcb8 32. Ra3 Ra8 33. Rca1 Rba6 34. Rb1 Rb6 35. Rxb6 Nxb6 36. Rb3 Ra6 37. Kf2 Ne8 38. Ke2 h5 39. Rb5 Na4 40. Nb3 Rc6 41. Rb8 Kf7 42. Rb7+ Rc7 43. Rb5 Rc6 44. Ra5 Nb6 45. Ra6 Nc7 46. Ra7 Nba8 47. Ba5 Ke8 48. Rb7 Kd7 49. Rb8 Ke7 50. Ndxc5 Kf7 51. Nd7 Bh6 52. Kd3 Ke7 53. Nf6 Kf7 54. Nxd4 Ra6 55. Bxc7 Nxc7 56. Rb7 Bxf4 57. Rxc7+ Kf8 58. Ke4 1-0

[Event "SRB-chT Central"]
[Site "Kraljevo"]
[Date "2011.09.17"]
[Round "1"]
[White "Nesic, Dragisa"]
[Black "Vuckovic, Branko"]
[Result "0-1"]
[WhiteElo "2126"]
[BlackElo "2271"]
[PlyCount "46"]
[EventDate "2011.09.17"]
[EventType "team-tourn"]
[EventRounds "11"]
[EventCountry "SRB"]
[SourceTitle "CBM 144 Extra"]
[Source "ChessBase"]
[SourceDate "2011.10.28"]
[SourceVersion "1"]
[SourceVersionDate "2011.10.28"]
[SourceQuality "1"]
[WhiteTeam "Ribnica"]
[BlackTeam "Ub"]
[WhiteTeamCountry "YUG"]
[BlackTeamCountry "YUG"]

1. Nf3 Nf6 2. b3 g6 3. Bb2 Bg7 4. g3 d6 5. Bg2 0-0 6. 0-0 e5 7. c4 Nc6 8. d3 Nh5 9. Nc3 f5 10. Rb1 Be6 11. Ne1 f4 12. Nd5 Qd7 13. b4 Rae8 14. b5 Nd8 15. a4 c6 16. Nb4 Bh3 17. Qb3 Bxg2 18. Kxg2 fxg3 19. fxg3 Qg4 20. Rxf8+ Rxf8 21. Nf3 Nf4+ 22. Kf2 Nxe2 23. d4 e4 0-1

[Event "SRB-chT2 West"]
[Site "Serbia"]
[Date "2009.10.10"]
[Round "10.5"]
[White "Milosavljevic, Zoran"]
[Black "Nesic, Dragisa"]
[Result "1/2-1/2"]
[WhiteElo "2219"]
[BlackElo "2135"]
[PlyCount "124"]
[EventDate "2009.09.06"]
[EventType "team"]
[EventRounds "11"]
[EventCountry "SRB"]
[SourceTitle "EXT 2012"]
[Source "ChessBase"]
[SourceDate "2011.11.24"]
[SourceVersion "1"]
[SourceVersionDate "2011.11.24"]
[SourceQuality "1"]

1. e4 c5 2. Nf3 Nc6 3. d4 cxd4 4. Nxd4 g6 5. Be3 Bg7 6. Nc3 Nf6 7. Be2 Qa5 8. Nb3 Qc7 9. 0-0 0-0 10. Qd2 Rd8 11. f3 d5 12. exd5 Nb4 13. Rad1 Bf5 14. Nd4 Qc8 15. Nxf5 Qxf5 16. Bd3 Nxd3 17. Qxd3 Qh5 18. Qc4 Rac8 19. Qb3 b6 20. Rfe1 Rd7 21. Rd3 Rcd8 22. Red1 Qf5 23. Bf2 h5 24. a4 g5 25. Qb5 Kh8 26. d6 e5 27. Bg3 Ne8 28. Ne4 h4 29. Be1 Qg6 30. Bb4 g4 31. Qc4 f5 32. Nf2 a5 33. Ba3 Nf6 34. fxg4 fxg4 35. h3 e4 36. Re3 Bh6 37. Re2 gxh3 38. Nxh3 Bg7 39. Nf2 Re8 40. Rde1 h3 41. Nxh3 Bh6 42. Qd4 e3 43. Rf1 Bg7 44. Qh4+ Kg8 45. Qg5 Qxg5 46. Nxg5 Re5 47. Nf3 Re4 48. b3 Nd5 49. c4 Nf4 50. Rc2 Bh6 51. Rd1 Ne6 52. g3 e2 53. Re1 Be3+ 54. Kg2 Rg7 55. d7 Nf4+ 56. Kh2 Rxd7 57. gxf4 Bxf4+ 58. Kh3 Rh7+ 59. Nh4 Bg5 60. Rcxe2 Rhxh4+ 61. Kg2 Rhg4+ 62. Kf1 Rgf4+ 1/2-1/2

[Event "SRB-chT2 West Central"]
[Site "Serbia"]
[Date "2009.09.12"]
[Round "2"]
[White "Novakovic, Slobodan"]
[Black "Nesic, Dragisa"]
[Result "1/2-1/2"]
[WhiteElo "2208"]
[BlackElo "2135"]
[PlyCount "114"]
[EventDate "2009.09.06"]
[EventType "team"]
[EventRounds "11"]
[EventCountry "SRB"]
[SourceTitle "EXT 2019"]
[Source "ChessBase"]
[SourceDate "2018.10.10"]
[SourceVersion "1"]
[SourceVersionDate "2018.10.10"]
[SourceQuality "1"]

1. c4 Nf6 2. Nc3 e5 3. Nf3 Nc6 4. d4 exd4 5. Nxd4 Bb4 6. Nc2 Bxc3+ 7. bxc3 0-0 8. e3 d6 9. Be2 Ne4 10. Bb2 Qf6 11. Bf3 Nc5 12. Nd4 Ne5 13. Be2 Qg6 14. Kf1 f5 15. f3 Bd7 16. Nb5 Rf7 17. Ba3 Bc6 18. Qd4 b6 19. Qf4 a6 20. Nd4 Bb7 21. h4 Re8 22. Rd1 Na4 23. Rc1 c5 24. Nb3 Qf6 25. h5 Rfe7 26. Rc2 Bc8 27. Kf2 Nf7 28. Bc1 Re5 29. Bd2 Qe7 30. Nc1 Re6 31. Nd3 Rf6 32. Nb2 Bd7 33. Nxa4 Bxa4 34. Rb2 Rb8 35. Rhb1 Qc7 36. Bd3 Bd7 37. Be2 Ne5 38. Rh1 h6 39. Qh4 Be6 40. Rhb1 f4 41. exf4 Nxc4 42. Bxc4 Bxc4 43. Re1 b5 44. g4 Rbf8 45. f5 d5 46. Qg3 Qxg3+ 47. Kxg3 d4 48. cxd4 cxd4 49. Bb4 Rc8 50. Re5 Bf7 51. Rd2 Rc4 52. a3 Rfc6 53. Re4 a5 54. Bxa5 Rd6 55. Bb4 Rd8 56. Re5 Be8 57. Re7 Bc6 1/2-1/2

[Event "Boskovic Memorial op 7th"]
[Site "Belgrade"]
[Date "2006.10.02"]
[Round "1"]
[White "Nesic, Dragisa"]
[Black "Marinkovic, Ivan"]
[Result "1-0"]
[WhiteElo "2079"]
[BlackElo "2452"]
[PlyCount "51"]
[EventDate "2006.10.02"]
[EventType "swiss"]
[EventRounds "9"]
[EventCountry "YUG"]
[SourceTitle "CBM 114 Extra"]
[Source "ChessBase"]
[SourceDate "2006.11.03"]
[SourceVersion "1"]
[SourceVersionDate "2006.11.03"]
[SourceQuality "1"]

1. Nf3 Nf6 2. b3 g6 3. Bb2 Bg7 4. g3 b5 5. Bg2 Bb7 6. 0-0 0-0 7. c4 bxc4 8. bxc4 c5 9. d3 d6 10. Qb3 Bc6 11. Nbd2 Qa5 12. Bc3 Qa6 13. Rab1 Nbd7 14. Qb2 Nb6 15. Nb3 Na4 16. Qa3 Rab8 17. Nbd2 Rb6 18. Ba1 Rfb8 19. Rb3 Ne8 20. Nh4 Bd7 21. Bxg7 Nxg7 22. Qc1 Ne6 23. Nhf3 Qc8 24. Qa1 Qf8 25. e3 Nb2 26. Qxb2 1-0